02348cam a22003735i 4500999001700000001000900017003000900026005001700035008004100052020001800093020001500111040021300126082001900339100003900358245020800397264007000605300002700675336002600702337002800728338002700756504005100783505031700834520040501151588004701556590004701603650002201650650002601672650002901698650002301727653002701750655002201777942001201799952016301811 c27657d2762813574253EG-ScBUE20190929141333.0030605s2003 enk f b 001 0 eng d a9781403917775 a1403917779 aMERUCbengerdacMERUCdCCOdE7BdOCLCQdREDDCdDKDLAdOCLCQdFVLdOCLCQdOCLCOdIDEBKdOCLCQdOCLCFdN$TdYDXCPdCAIdUKPGMdEBLCPdDEBSZdCOOdOCLCQdAZKdCNNLCdOCLCQdLOAdOCLCQdMORdOTZdOCLCQdEG-ScBUE04a321.8bBIA2221 aBiancardi, Fabian,d1963-eauthor.10aDemocracy and the global system :ba contribution to the critique of liberal internationalism /cFabian Biancardi, Assistant professor of political science, riverside community college, California, USA.  1aBasingstoke, Hampshire ;a New York :bPalgrave Macmillan,c2003. axx, 225 pages ;c24 cm atextbtxt2rdacontent aunmediatedbn2rdamedia avolumebnc2rdacarrier aIncludes bibliographical references and index.0 a1. Barrington Moore's 'Social Origins' and the Global System -- 2. Karl Polanyi, Democracy and the Global System -- 3. Joseph Schumpeter, Capitalism, Socialism, Democracy and the Global System -- 4. Samuel Huntington, and Political Order and the Global System -- 5. David Held's 'Democracy and the Global Order'. a"Democracy and the Global System analyses the relationship between liberal democracy and the global system while developing a critique of liberal internationalism. Fabian Biancardi examines some of the key questions of modern politics and the major ideas of a number of significant authors and texts, including Barrington Moore Jr., Karl Polanyi, Joseph Schumpeter, Samuel Huntington and David Held. 0 aDescription based on print version record. aAccess is available to the Yale community. 7aDemocracy.2BUEsh 7aGlobalization.2BUEsh 7aInternationalism.2BUEsh 7aLiberalism.2BUEsh bMASPPSScSeptember2019 0aElectronic books. 2ddccBB 00102ddc40708BaccahaMAINbMAINc1STd2019-09-29ePurchaseg1350.00l1m23o321.8 BIAp000048086r2025-07-15 00:00:00s2020-12-10v1687.50w2019-09-29yBB